000 01005nam a2200217 a 4500
003 DO-SdBNP
005 20220921120156.0
007 ta
008 110524s1940 dr 000 s spa d
040 _aDO-SdBNP
_bspa
_cBNPHU
082 _axxxx
_bT649c
100 _954375
_aTolentino Rojas, Vicente
245 1 3 _aLa estadística en la República Dominicana y la decisiva influencia del benefactor de la patria en su definitiva y moderna organización. /
_cVicente Tolentino Rojas
246 _aConferencia pronunciado por don Vicente Tolentino Rojas. :
_bla estadística en la República Dominicana y la decisiva influencia del benefactor de la patria en su definitiva y moderna organización. /
260 _aCiudad Trujillo, República Dominicana,
_bPartido Dominicano,
_bListín Diario,
_c1940.
300 _a19 p.
_c24 cm.
505 0 _tBosquejo histórico --
_tLa obra de Trujillo en la estadística --
_tConclusión /
590 _aInventariado, 2022/ YL
910 _aYLockward
942 _2ddc
_cLF2
999 _c30055
_d30055